Famous People from Las Cruces by Picture - Statistics

General Stats
  • This quiz has been taken 5 times
  • The average score is 10 of 38
Answer Stats
Picture Hint Answer % Correct
Football Player (born 1938) Charley Johnson
100%
Cowboy Poet / Veterinarian (1945-2022) Baxter Black
60%
Basketball Player (born 1991) André Roberson
40%
Soccer Player (born 1995) Andy García
40%
Terrorist (1971-2011) Anwar al-Awlaki
40%
Author / Playwright & Stage Director (born 1948) Denise Chávez
40%
Saxophonist / Musical Director (born 1954) Lenny Pickett
40%
Swimmer (born 1990) Micah Lawrence
40%
U.S. Deputy Secretary of Agriculture / U.S. Representative (born 1984) Xochitl Torres Small
40%
Soccer Player (born 1997) Aaron Herrera
20%
Long Jumper (born 1979) Bashir Ramzy
20%
Football Coach & Player (born 1981) Buck Pierce
20%
Basketball Coach (born 1971) Casey Owens
20%
Soccer Player (born 1997) Christian Herrera
20%
First Gentleman / Game Warden / Police Officer (born 1955) Chuck Franco
20%
Astronomer (1906-1997) Clyde Tombaugh
20%
Actress (1890-1957) Cora Witherspoon
20%
Baseball Umpire (born 1968) Doug Eddings
20%
Soccer Player (born 1986) Edgar Castillo
20%
Air Force Major General (1892-1971) Edwin Bowman Lyon
20%
Astronaut / Air Force Colonel / Businessman (born 1928) Frank Borman
20%
Soccer Player & Coach (born 1978) Freddy Juarez
20%
Psychotherapist (born 1947) Harvey Hilbert
20%
Mixed Martial Artist (born 1984) Joseph Benavidez
20%
Soccer Player (born 1989) Josh Suggs
20%
Mayor (born 1963) Ken Miyagishima
20%
Football Coach & Player (born 1959) Kerry Locklin
20%
Soccer Coach & Player (born 1981) Kiki Lara
20%
Soccer Player (born 1996) Luis Barraza
20%
U.S. Deputy Secretary of the Interior (born 1963) Michael L. Connor
20%
Lawman / Bartender / Customs Agent (1850-1908) Pat Garrett
20%
Soccer Player (born 1995) Ricardo Zacarías
20%
Golfer (born 1970) Rich Beem
20%
Actress (1920-2016) Sharon Douglas
20%
Track & Field Athlete (born 1994) Shawnacy Barber
20%
Soccer Player (born 1989) Taylor Lytle
20%
Soccer Player (born 1989) Vendula Strnadová
20%
Novelist (born 1954) Pamela Burford
0%
No matching quizzes found
Score Distribution
Percent of People with Each Score
Percentile by Number Answered
Your Score History
You have not taken this quiz